Environmental health and traditional fuel use in Guatemala / (Record no. 60066)
[ view plain ]
| 000 -LEADER | |
|---|---|
| fixed length control field | 02314nam a2200337 a 4500 |
| 001 - CONTROL NUMBER | |
| control field | 60066 |
| 003 - CONTROL NUMBER IDENTIFIER | |
| rucl marc code | BD-RjUL |
| 005 - DATE AND TIME OF LATEST TRANSACTION | |
| control field | 20211209080812.0 |
| 008 - FIXED-LENGTH DATA ELEMENTS--GENERAL INFORMATION | |
| fixed length control field | 161228s2005 dcua b 001 0 eng |
| 020 ## - INTERNATIONAL STANDARD BOOK NUMBER | |
| International Standard Book Number | 0821360825 |
| International Standard Book Number | 0821360825 (pbk.) : |
| Terms of availability | No price |
| International Standard Book Number | 0821360833 (ebook) : |
| Terms of availability | No price |
| International Standard Book Number | 0821360825 : |
| Terms of availability | $22.00 |
| 035 ## - SYSTEM CONTROL NUMBER | |
| System control number | (BD-RjUL)60190 |
| 040 ## - CATALOGING SOURCE | |
| Original cataloging agency | DLC |
| Language of cataloging | eng |
| Transcribing agency | DLC |
| Modifying agency | DLC |
| -- | OrLoB-B |
| 041 ## - LANGUAGE CODE | |
| Language code of text/sound track or separate title | eng |
| 082 0# - DEWEY DECIMAL CLASSIFICATION NUMBER | |
| Classification number | 616.98 |
| Edition number | 23 |
| Author mark and year | ENV 2005 |
| Classification number | 616.98 |
| Edition number | 22 |
| Author mark and year | ENV 2005 |
| 245 00 - TITLE STATEMENT | |
| Title | Environmental health and traditional fuel use in Guatemala / |
| Statement of responsibility, etc. | Kulsum Ahmed ... [et al.]. |
| 260 ## - PUBLICATION, DISTRIBUTION, ETC. (IMPRINT) | |
| Place of publication, distribution, etc. | Washington, D.C. : |
| Name of publisher, distributor, etc. | World Bank, |
| Date of publication, distribution, etc. | 2005. |
| 300 ## - PHYSICAL DESCRIPTION | |
| Pagination | xxi, 118 p. : |
| Illustrations | ill. ; |
| Size | 23 cm. |
| 490 1# - SERIES STATEMENT | |
| Series statement | Directions in development |
| 504 ## - BIBLIOGRAPHY, ETC. NOTE | |
| Bibliography, etc | Includes bibliographical references and index. |
| 505 0# - FORMATTED CONTENTS NOTE | |
| Formatted contents note | 1. Introduction -- 2. Indoor air pollution and health : evidence from the demographic and health survey and the living standards measurement study -- 3. Estimating health impacts -- 4. The evolution of improved stoves in Guatemala : lessons from three programs -- 5. The role of LPG -- 6. Policy recommendations. |
| 520 1# - SUMMARY, ETC. | |
| Summary, etc. | "Guatemala has a wealth of experience implementing improved stove programs. Through case studies, this book explores how this experience can be better targeted to reduce adverse health impacts of exposure to indoor air pollution and improve market structure and accessibility to cleaner fuels. A number of cross-sectoral interventions are recommended to ensure availability of information, improve monitoring of the coordination among stakeholders, facilitate the use of technical mitigation options, and promote long-term behavioral change. The health implications on morbidity and mortality cases of children under five years of age due to the failure to address the health impacts of IAP, either through policy interventions and/or technical mitigation measures, are estimated." "This book will be of interest to those interested in the environment, energy, public health, and socioeconomic development."--BOOK JACKET. |
| 650 #0 - SUBJECT ADDED ENTRY--TOPICAL TERM | |
| Topical term or geographic name as entry element | Environmental health |
| Geographic subdivision | Guatemala. |
| 9 (RLIN) | 178770 |
| 700 1# - ADDED ENTRY--PERSONAL NAME | |
| Personal name | Ahmed, Kulsum, |
| Dates associated with a name | 1964- |
| 830 #0 - SERIES ADDED ENTRY--UNIFORM TITLE | |
| Uniform title | Directions in development (Washington, D.C.) |
| 942 ## - ADDED ENTRY ELEMENTS (KOHA) | |
| Source of classification or shelving scheme | Dewey Decimal Classification |
| Koha item type | Books |
| Lost status | Source of classification or shelving scheme | Damaged status | Not for loan | Collection code | Permanent Location | Current Location | Shelving location | Date acquired | Source of acquisition | Total Checkouts | Full call number | Date last seen | Copy number | Koha item type |
|---|---|---|---|---|---|---|---|---|---|---|---|---|---|---|
| Dewey Decimal Classification | Not For Loan | Non-fiction | Central Library, University of Rajshahi | Central Library, University of Rajshahi | Reading Room | 21/04/2007 | Japan Foundation | 616.98 ENV 2005 | 28/12/2016 | C-1 | Books |